000
00289nam a2200121Ia 4500
005
20251222141831.0
008
251222s9999||||xx |||||||||||||| ||spa||
082
_a
657.45/C14
100
_a
Cachay Aliaga, Wilson James
245
0
_a
AuditorÃa de Negocios:
264
_b
UNMSM
942
_c
LIB
999
_c
7102
_d
7102